000 00725nam a2200205 i 4500
001 89239
003 ES-MaACL
005 20250813063310.0
007 t|
008 050105s1947 sp ||||1| spa d
100 1 _aLarraz, José,
_d1904-1973
_970328
245 1 3 _aLa crisis de la sociedad contemporánea
_b: conferencia pronunciada en el Ateneo de Madrid, el día 22 de febrero de 1947 /
_cpor José Larraz López.
260 _aMadrid :
_b[s.n.],
_c1947 (
_fBlass)
300 _a23 p. ;
_c20 cm.
610 2 4 _aAteneo de Madrid-
_vConferencias-
_y1940-1982.
_91908
650 0 4 _aIdeología-
_yS.XX.
_913547
710 2 _aAteneo de Madrid.
_91875
852 _aES-MaACL
_jB-10521
_bR.23848
999 _c89239
_d89239